The Quraan holds the keys (Record no. 328758)
[ view plain ]
| 000 -LEADER | |
|---|---|
| fixed length control field | 00689 a2200193 4500 |
| 003 - CONTROL NUMBER IDENTIFIER | |
| control field | Nust |
| 005 - DATE AND TIME OF LATEST TRANSACTION | |
| control field | 20170416115639.0 |
| 008 - FIXED-LENGTH DATA ELEMENTS--GENERAL INFORMATION | |
| fixed length control field | 170416b xxu||||| |||| 00| 0 eng d |
| 020 ## - INTERNATIONAL STANDARD BOOK NUMBER | |
| International Standard Book Number | 9698891005 |
| 040 ## - CATALOGING SOURCE | |
| Transcribing agency | Nust |
| 082 ## - DEWEY DECIMAL CLASSIFICATION NUMBER | |
| Classification number | 297.122 |
| Author Mark | JAF |
| 100 ## - MAIN ENTRY--PERSONAL NAME | |
| Personal name | Jafri ,Islam Nabi |
| 245 ## - TITLE STATEMENT | |
| Title | The Quraan holds the keys |
| Statement of responsibility, etc. | Islam Nabi Jafri |
| 260 ## - PUBLICATION, DISTRIBUTION, ETC. | |
| Place of publication, distribution, etc. | Pakistan |
| Name of publisher, distributor, etc. | Instant print |
| Date of publication, distribution, etc. | 2006 |
| 300 ## - PHYSICAL DESCRIPTION | |
| Extent | xxiv,327:p.; |
| 505 ## - FORMATTED CONTENTS NOTE | |
| Formatted contents note | Part-I About The Quraan And Quraanic Verses (Page-9),Part-II Modern Scientific Research (Page-176),Part-III The End Of The Universe (Page-223),Part-IV How The Quraan Holds The Keys (Page-261). Part-V Conclusions and appendices (Page-275) |
| 538 ## - SYSTEM DETAILS NOTE | |
| System details note | Almirah No.48 Shelf No.2 |
| 650 ## - SUBJECT ADDED ENTRY--TOPICAL TERM | |
| Topical term or geographic name entry element | Quran |
| 942 ## - ADDED ENTRY ELEMENTS (KOHA) | |
| Source of classification or shelving scheme | |
| Koha item type | Book |
| Withdrawn status | Lost status | Source of classification or shelving scheme | Damaged status | Not for loan | Collection code | Permanent Location | Current Location | Shelving location | Date acquired | Total Checkouts | Total Renewals | Full call number | Barcode | Date last seen | Date last checked out | Copy number | Price effective from | Koha item type | Checked out |
|---|---|---|---|---|---|---|---|---|---|---|---|---|---|---|---|---|---|---|---|
| Central Library (CL) | Central Library (CL) | First Floor - Islam | 04/16/2017 | 7 | 1 | 297.122 JAF | CL2495 | 02/14/2025 | 01/08/2025 | 1 | 04/16/2017 | Book | |||||||
| Central Library (CL) | Central Library (CL) | First Floor - Islam | 04/18/2017 | 3 | 3 | 297.122 JAF | CL2496 | 10/23/2020 | 01/31/2020 | 2 | 04/18/2017 | Book | |||||||
| Central Library (CL) | Central Library (CL) | First Floor - Islam | 11/07/2017 | 3 | 297.122 JAF | CL1766 | 01/20/2020 | 01/20/2020 | 3 | 11/07/2017 | Book | 02/19/2020 |
